UM Logo

Anatomy & physiology with integrated study guide/ (Record no. 3584)

MARC details
000 -LEADER
fixed length control field 00607nam a22001817a 4500
008 - FIXED-LENGTH DATA ELEMENTS--GENERAL INFORMATION
fixed length control field 160725b xxu||||| |||| 00| 0 eng d
020 ## - INTERNATIONAL STANDARD BOOK NUMBER
International Standard Book Number 0-07-124878-1
082 ## - DEWEY DECIMAL CLASSIFICATION NUMBER
Edition number 2006
Classification number DC 612
Item number G95a
100 ## - MAIN ENTRY--PERSONAL NAME
9 (RLIN) 11930
Personal name Gunstream, Stanley E.
245 ## - TITLE STATEMENT
Title Anatomy & physiology with integrated study guide/
Statement of responsibility, etc. Stanley E. Gunstream.
250 ## - EDITION STATEMENT
Edition statement 3rd edition
260 ## - PUBLICATION, DISTRIBUTION, ETC. (IMPRINT)
Place of publication, distribution, etc. Boston:
Name of publisher, distributor, etc. McGraw-Hill Higher Education,
Date of publication, distribution, etc. c2006.
300 ## - PHYSICAL DESCRIPTION
Extent ix, 545 pages:
Other physical details illustrations;
Dimensions 26 cm.
500 ## - GENERAL NOTE
General note Includes bibliographical references and index.
650 #0 - SUBJECT ADDED ENTRY--TOPICAL TERM
9 (RLIN) 11931
Topical term or geographic name as entry element Physiology
365 ## - TRADE PRICE
Price type code Php
Price amount 478.00
942 ## - ADDED ENTRY ELEMENTS (KOHA)
Source of classification or shelving scheme Dewey Decimal Classification
Koha item type Circulation
Holdings
Withdrawn status Lost status Source of classification or shelving scheme Damaged status Not for loan Collection code Home library Current library Date acquired Source of acquisition Total Checkouts Full call number Barcode Date last seen Date last checked out Copy number Price effective from Koha item type
    Dewey Decimal Classification     Circulation UM Digos College - LIC UM Digos College - LIC 09/28/2006 Purchased 5 DC 612 G95a 2006 18752 05/15/2025 02/08/2018 1 07/25/2016 Circulation
    Dewey Decimal Classification     Circulation UM Digos College - LIC UM Digos College - LIC 09/28/2006 Purchased 5 DC 612 G95a 2006 18753 04/14/2025 12/03/2016 2 08/12/2016 Circulation